[Event "KAZ-ch qual"]
[Site "Astana"]
[Date "2012.02.21"]
[Round "1"]
[White "Syzdyk, Tolendi"]
[Black "Nukin, Ashat"]
[Result "0-1"]
[WhiteElo "1872"]
[BlackElo "2352"]
[PlyCount "50"]
[EventDate "2012.02.21"]
[EventType "swiss"]
[EventRounds "9"]
[EventCountry "KAZ"]
[SourceTitle "EXT 2014"]
[Source "ChessBase"]
[SourceDate "2013.11.20"]
[SourceVersion "1"]
[SourceVersionDate "2013.11.20"]
[SourceQuality "1"]

1. e4 e5 2. f4 exf4 3. Nf3 d6 4. d4 g5 5. h4 g4 6. Ng1 Bh6 7. Bc4 Qf6 8. Nc3 c6 9. Nge2 b5 10. Nxb5 cxb5 11. Bd5 f3 12. gxf3 gxf3 13. Ng3 Bxc1 14. Rxc1 Qf4 15. Nf5 Nf6 16. Bxa8 Nxe4 17. Nxd6+ Nxd6 18. Qd2 f2+ 19. Ke2 Bg4+ 20. Kd3 Qf5+ 21. Kc3 Qc8+ 22. Kd3 Na6 23. Qe3+ Kd7 24. Bf3 Bf5+ 25. Ke2 Re8 0-1

[Event "Moscow op-E"]
[Site "Moscow"]
[Date "2011.02.03"]
[Round "6.226"]
[White "Jakovlev, Oleg Vladimirovich"]
[Black "Syzdyk, Tolendi"]
[Result "1-0"]
[WhiteElo "2110"]
[BlackElo "1857"]
[PlyCount "27"]
[EventDate "2011.01.29"]
[EventType "swiss"]
[EventRounds "9"]
[EventCountry "RUS"]
[SourceTitle "EXT 2022"]
[Source "ChessBase"]
[SourceDate "2021.10.06"]
[SourceVersion "1"]
[SourceVersionDate "2021.10.06"]
[SourceQuality "1"]

1. Nf3 Nf6 2. c4 d5 3. cxd5 Nxd5 4. d4 Bg4 5. Ne5 Bh5 6. Qb3 Nb6 7. Qh3 Qxd4 8. Qxh5 g6 9. Qf3 Qxe5 10. Qxb7 Qc5 11. Nc3 Bg7 12. Bd2 c6 13. Na4 Nxa4 14. Qc8# 1-0

[Event "Moscow op-E"]
[Site "Moscow"]
[Date "2011.01.30"]
[Round "2.187"]
[White "Goroshilov, Vladislav"]
[Black "Syzdyk, Tolendi"]
[Result "1-0"]
[WhiteElo "2062"]
[BlackElo "1857"]
[PlyCount "95"]
[EventDate "2011.01.29"]
[EventType "swiss"]
[EventRounds "9"]
[EventCountry "RUS"]
[SourceTitle "EXT 2022"]
[Source "ChessBase"]
[SourceDate "2021.10.06"]
[SourceVersion "1"]
[SourceVersionDate "2021.10.06"]
[SourceQuality "1"]

1. d4 d5 2. c4 dxc4 3. e4 b5 4. a4 c6 5. b3 cxb3 6. axb5 Qb6 7. Bc4 e6 8. Nf3 cxb5 9. Bxb3 Bb4+ 10. Bd2 Bxd2+ 11. Qxd2 Bb7 12. Nc3 h6 13. 0-0 Nf6 14. e5 Ne4 15. Qe3 Nxc3 16. Qxc3 0-0 17. Bc2 Nc6 18. Rfb1 b4 19. Qd3 g6 20. d5 exd5 21. e6 Ne7 22. Qd2 Qxe6 23. Rxb4 Qf6 24. Rab1 Bc6 25. Qxh6 Qg7 26. Qh4 Nc8 27. Nd4 Bd7 28. Qf4 Nb6 29. h4 Nc4 30. Rb7 Rfd8 31. Re1 Re8 32. Rxe8+ Bxe8 33. Re7 Qf8 34. Qg5 Kh8 35. Bxg6 Qg7 36. Qh5+ Kg8 37. Qxd5 Nb6 38. Qe4 Qxg6 39. Rxe8+ Rxe8 40. Qxe8+ Kh7 41. Nf3 f6 42. Qc6 Kg7 43. Nd4 Qf7 44. Nf5+ Kf8 45. Qd6+ Ke8 46. Qb8+ Kd7 47. Qxa7+ Ke6 48. Nd4+ 1-0